Derecho a la información en la Ley de Defensa del Consumidor / (Registro nro. 5671)
[ vista simple ]
| 000 -LEADER | |
|---|---|
| fixed length control field | 02713nab a22002537a 4500 |
| 003 - CONTROL NUMBER IDENTIFIER | |
| control field | OSt |
| 005 - DATE AND TIME OF LATEST TRANSACTION | |
| control field | 20251226222036.0 |
| 008 - FIXED-LENGTH DATA ELEMENTS--GENERAL INFORMATION | |
| fixed length control field | 190603e xxum|||| |||| 00| 0 spa d |
| 040 ## - CATALOGING SOURCE | |
| Transcribing agency | PJ |
| 100 ## - MAIN ENTRY--PERSONAL NAME | |
| 9 (RLIN) | 6280 |
| Personal name | Palma, Mariano |
| 245 10 - TITLE STATEMENT | |
| Title | Derecho a la información en la Ley de Defensa del Consumidor / |
| Statement of responsibility, etc | Mariano Palma. |
| 260 ## - PUBLICATION, DISTRIBUTION, ETC. (IMPRINT) | |
| Date of publication, distribution, etc | Ciudad Autónoma de Buenos Aires : |
| Place of publication, distribution, etc | Thomson Reuters La Ley, |
| Name of publisher, distributor, etc | 2025. |
| 300 ## - PHYSICAL DESCRIPTION | |
| Extent | p. 337-347 |
| 500 ## - GENERAL NOTE | |
| General note | Cita: TR LALEY AR/DOC/1049/2025 <br/>Publicado en: RCCyC 2025 (junio). |
| 505 ## - FORMATTED CONTENTS NOTE | |
| Formatted contents note | Sumario: I. ¿En qué consiste el deber de información del proveedor? ¿Es un derecho del consumidor?— II. ¿Cómo debe suministrarse la información al consumidor o usuario?— III. ¿En qué consiste la forma "cierta, clara y detallada"?— IV. ¿Cuáles son las características esenciales de los bienes y servicios que provee?— V. ¿Cuáles son las condiciones de su comercialización?— VI. ¿Qué medidas adopta el BCRA en el caso de usuarios de servicios financieros?— VII. ¿Qué situación acontece en los casos de falta de lectura por parte del consumidor?— VIII. ¿El consumidor experto debe ser tenido como profano?— IX. El caso de la Ley de Etiquetado Frontal o "Promoción de la alimentación saludable" (27.642).— X. ¿Qué pasa en el caso de los códigos QR?— XI. El deber de información como un deber de indemnidad.— XII. La sobreinformación como limitante del conocimiento.— XIII. ¿La ausencia de cumplimiento del deber de información opera como una limitante al momento de perfeccionarse el contrato?— XIV. ¿Qué sanciones son aplicables en caso de incumplimiento al deber de información?— XV. ¿Cómo actúa la responsabilidad precontractual ante la ausencia del deber de información?— XVI. ¿Qué ocurre durante la etapa de ejecución y poscontractual con el deber de información?— XVII. ¿Cómo se prueba el incumplimiento al deber de información?— XVIII. El deber de gratuidad de la información.— XIX. El deber de información en el Cód. Civ. y Com.— XX. El deber de información en la Ley de Defensa de la Competencia y en el Dec. de Lealtad Comercial.— XXI. El deber de información en la Constitución Nacional. |
| 505 ## - FORMATTED CONTENTS NOTE | |
| Title | ¿Te interesa el texto completo? Solicitalo al correo: koha@justierradelfuego.gov.ar |
| 650 #0 - SUBJECT ADDED ENTRY--TOPICAL TERM | |
| 9 (RLIN) | 1497 |
| Topical term or geographic name as entry element | CODIGO CIVIL Y COMERCIAL |
| 650 #0 - SUBJECT ADDED ENTRY--TOPICAL TERM | |
| 9 (RLIN) | 2608 |
| Topical term or geographic name as entry element | DERECHOS DEL CONSUMIDOR |
| 650 #0 - SUBJECT ADDED ENTRY--TOPICAL TERM | |
| 9 (RLIN) | 2597 |
| Topical term or geographic name as entry element | DEFENSA DEL CONSUMIDOR |
| 650 #0 - SUBJECT ADDED ENTRY--TOPICAL TERM | |
| 9 (RLIN) | 3407 |
| Topical term or geographic name as entry element | DERECHO A LA INFORMACIÓN |
| 650 #0 - SUBJECT ADDED ENTRY--TOPICAL TERM | |
| 9 (RLIN) | 2600 |
| Topical term or geographic name as entry element | LEY DE DEFENSA DEL CONSUMIDOR |
| 773 0# - HOST ITEM ENTRY | |
| Host Biblionumber | 2713 |
| Host Itemnumber | 3170 |
| Place, publisher, and date of publication | Ciudad Autónoma de Buenos Aires : Thomson Reuters La Ley, 2015- |
| Title | Revista Código Civil y Comercial. Nº 3 - Junio 2025 |
| 942 ## - ADDED ENTRY ELEMENTS (KOHA) | |
| Source of classification or shelving scheme | |
| Koha item type | Analítica Artículo de Revista |
No hay ítems disponibles.
